000 nam a22 7a 4500
999 _c9585
_d9585
008 180205b ||||| |||| 00| 0 eng d
100 _aMinhas, S S
_91881
245 _aLab manual : Social Science - IX
260 _aNew Delhi
_bCordova Publication
_c2007